RACTA III 2024: Ricerche di Archeologia Cristiana, Tarda Antichità e Alto Medioevo

Saved in:

Other Authors: Spadanuda, Giulia (Editor), Stilo, Francesco (Editor)

Format: Book

Published: Oxford Archaeopress Publishing Ltd 2025

Tags: Add Tag

No Tags, Be the first to tag this record!

Call Number:

LEADER 00725namaa2200181 4500
001 9781805831976
003 UkOxAP
005 20260405155019.0
020 |a 9781805831983 
776 1 |x 9781805831976 
245 0 0 |a RACTA III 2024: Ricerche di Archeologia Cristiana, Tarda Antichità e Alto Medioevo 
100 1 |a Spadanuda, Giulia  |e Editor  |l Italian 
700 1 |a Stilo, Francesco  |e Editor  |l Italian 
856 4 2 |a http://library.arce.org:8087/Archaeopress/Products/9781805831983 
260 |a Oxford  |b Archaeopress Publishing Ltd  |c 2025 
270 |a Archaeopress Publishing Ltd, Summertown Pavillion, 18 -24 Middle Way, Summertown  |b Oxford  |d United Kingdom  |e OX2 7LG  |k 44-1865-311914  |m info@archaeopress.com 
942 |2 lcc  |c EBOOK 
999 |c 62166  |d 62166